Case news: Vision Golf v Weightmans (Record no. 75910)
[ view plain ]
| 000 -LEADER | |
|---|---|
| fixed length control field | 01804cab a2200193 4500 |
| 001 - CONTROL NUMBER | |
| control field | L131034 |
| 008 - FIXED-LENGTH DATA ELEMENTS--GENERAL INFORMATION | |
| fixed length control field | 050922n2005 000 0 eng u |
| 035 ## - SYSTEM CONTROL NUMBER | |
| System control number | (Sirsi) u131034 |
| 041 ## - LANGUAGE CODE | |
| Language code of text/sound track or separate title | eng |
| 100 ## - MAIN ENTRY--PERSONAL NAME | |
| Personal name | Ross, Jonathan |
| 245 ## - TITLE STATEMENT | |
| Title | Case news: Vision Golf v Weightmans |
| 260 ## - PUBLICATION, DISTRIBUTION, ETC. | |
| Date of publication, distribution, etc. | 2005 |
| 490 ## - SERIES STATEMENT | |
| Series statement | Property Week |
| Volume/sequential designation | 70(36) 9 September 2005, 66(1) |
| 520 ## - SUMMARY, ETC. | |
| Summary, etc. | This case ([2005] 1675 EWHC (Ch), [2005] 32 EG 66 (CS)) centred around the incompetence of the claimant's original solicitor in dealing with a breach in a lease. V entered into two leases for adjoining land with different landlords. In May 2000 one of the landlords re-entered it's land, as allowed under the lease, due to rent arrears of £40 000. The landlord agreed to grant relief from forfeiture, if the back rents were paid and measures taken to prevent further breaches. The defendant solicitor W informed V that the arrears needed to be paid as soon as possible, and they were given funds to do so. However terms were not agreed with the landlord, and despite telling V that it had done so, W made no application to the court for relief. Generally, when a landlord retakes possession without court proceedings, relief must be made within six months, although this does not apply to the HC. After the six months a new solicitor was appointed and following the advice of counsel, they too did not apply for relief since they would fail. W claimed that had the new solicitor proceeded with the claim for relief they would have been successful. "Held:" the judge did not agree with W that relief would have been granted, and that any negligence by the subsequent solicitor did not relieve W from his liability. |
| 590 ## - LOCAL NOTE (RLIN) | |
| Local note | IKA270905 |
| 650 ## - SUBJECT ADDED ENTRY--TOPICAL TERM | |
| Topical term or geographic name entry element | VISION GOLF V WEIGHTMANS |
| 690 ## - LOCAL SUBJECT ADDED ENTRY--TOPICAL TERM (OCLC, RLIN) | |
| Topical term or geographic name as entry element | Landlord and tenant |
| 9 (RLIN) | 6252 |
| 942 ## - ADDED ENTRY ELEMENTS (KOHA) | |
| Suppress in OPAC | 0 |
| Withdrawn status | Lost status | Source of classification or shelving scheme | Damaged status | Not for loan | Home library | Current library | Shelving location | Date acquired | Total Checkouts | Full call number | Barcode | Date last seen | Copy number | Price effective from | Koha item type |
|---|---|---|---|---|---|---|---|---|---|---|---|---|---|---|---|
| Dewey Decimal Classification | London | London | Journal article | 22/09/2005 | L131034 | 131034-1001 | 06/08/2019 | 1 | 06/08/2019 | Journal article |